International relations / (Record no. 52287)

MARC details
000 -LEADER
fixed length control field 00797nam a22002657a 4500
005 - DATE AND TIME OF LATEST TRANSACTION
control field 20110510121557.0
008 - FIXED-LENGTH DATA ELEMENTS--GENERAL INFORMATION
fixed length control field 110510t xxu||||| |||| 00| 0 eng d
010 ## - LCCN (DPL NO)
LC control number ENG-102420
020 ## - INTERNATIONAL STANDARD BOOK NUMBER
International Standard Book Number 9788120342835
Terms of availability 275.00
035 ## - SYSTEM CONTROL NUMBER
System control number EN-85953
037 ## - SOURCE OF ACQUISITION
Source of stock number/acquisition DBAD/PUB
040 ## - CATALOGING SOURCE
Original cataloging agency DPL
Language of cataloging Eng
082 ## - DEWEY DECIMAL CLASSIFICATION NUMBER
Classification number 327
100 ## - MAIN ENTRY--PERSONAL NAME
Personal name Ghosh,Peu
9 (RLIN) 27875
245 ## - TITLE STATEMENT
Title International relations /
Statement of responsibility, etc by Peu Ghosh
250 ## - EDITION STATEMENT
Edition statement 2nd ed
260 ## - PUBLICATION, DISTRIBUTION, ETC. (IMPRINT)
Place of publication, distribution, etc New Delhi
Name of publisher, distributor, etc PHI Learning
Date of publication, distribution, etc 2011
270 ## - ADDRESS
Address M-97,Connaught Circus
City New Delhi
Postal code 110001
300 ## - PHYSICAL DESCRIPTION
Extent xvi,415p.
Dimensions 23cm (pbk)
500 ## - GENERAL NOTE
General note Includes index
650 ## - SUBJECT ADDED ENTRY--TOPICAL TERM
9 (RLIN) 27887
700 ## - ADDED ENTRY--PERSONAL NAME
9 (RLIN) 27963
942 ## - ADDED ENTRY ELEMENTS (KOHA)
Source of classification or shelving scheme Dewey Decimal Classification
Item type English Books
Classification part 327
Call number suffix GHO
Holdings
Withdrawn status Lost status Source of classification or shelving scheme Damaged status Not for loan Collection code Home library Current library Date acquired Source of acquisition Cost, normal purchase price Total Checkouts Full call number Barcode Date last seen Copy number Cost, replacement price Koha item type
    Dewey Decimal Classification   Not For Loan Non-fiction D.B.Act.Division D.B.Act.Division 10/05/2011 DBAD/PUB 275.00   327 GHO EN-85953 10/05/2011 1 275.00 English Books

© Delhi Public Library
Hit Counter
free hit counter